000 00770cab a2200205 4500
001 WB3201-02
008 090401t1995 xxu||||| |||| 00| 0 eng d
035 _a(Sirsi) u8060
041 _aeng
245 _aOlder timber framed dwellings
260 _c1995
350 _a0
490 _aDoE News Release
_v(638) 19 December 1995, (3)
520 _aThree BRE reports "Timber frame housing 1920-1975: inspection and assessment"; "Timber frame housing systems built in the UK 1920-1965" and "Timber frame housing systems built in the UK 1966-1975" confirm that older framed dwellings are as sound as traditionally built houses.
650 _aTIMBER-FRAMED HOUSES
650 _aTRADITIONALLY BUILT
690 _aBUILT ENVIRONMENT
942 _n0
948 _c04/03/1997
999 _c4910
_d4910